000 00881nam a2200277 a 4500
008
020 _a0195209184 (pbk.)
049 _aMAIN
090 _aTA455.P5
100 1 _aBirley, Arthur W.
245 1 0 _aPhysics of plastics :
_bprocessing, properties and materials engineering /
_cArthur W. Birley, Barry Haworth, Jim Batchelor.
260 _aMunich :
_bHanser Publishers,
_c1992.
300 _axxi, 528 p. :
_bill. ;
_c24 cm.
504 _aIncludes bibliographical references.
500 _aIncludes index.
650 0 _aPlastics
_xMechanical properties.
650 0 _aPlastics
_xMolding.
650 0 _aPlastics
_xExtrusion.
700 1 _aHaworth, Barry.
700 1 _aBatchelor, Jim.
907 _a.b10124561
_b25-01-07
_c03-06-04
003
005 20230123133727.0
040 _cNUST
942 _cBOOKS
_kTA455.P5
999 _c153575
_d153575